| 000 | 00636nam a2200241Ia 4500 | ||
|---|---|---|---|
| 008 | 170712s9999 xx 000 0 und d | ||
| 020 | _a9710869906 | ||
| 050 | _a372.86 | ||
| 050 | _bC154 2009 | ||
| 100 | _aCalixihan, Jovita O. | ||
| 245 | _aMga libangan ng batang Pinoy / | ||
| 245 | _cby Jovita O. Calixihan. | ||
| 260 | _aPhilippines : | ||
| 260 | _bNational Book Store, | ||
| 260 | _c2009 | ||
| 300 | _a122 pages : | ||
| 300 | _billustrations ; | ||
| 300 | _c22cm. | ||
| 500 | _aInclude bibliographic reference | ||
| 650 | _aMovement education. | ||
| 650 | _aPhysical education for children. | ||
| 650 | _aTitle. | ||
| 999 |
_c340293 _d340293 |
||